1729 1403 1733 1605 1649 1590 1745 1179 1578 1375 1784 1001 1195 1863 1668 1050 1332 1108 1073 1046 1378 1831 1338 1993 1308 1287 1775 1843 1489 1117 1029 1555 1620 1427 1376 1416 1108 1878 1255 1363 1237 1656 1940 1983 1202 1587 1266 1594 1805 1579 1493 1937 1241 1048 1685 1060 1062 1934 1214 1431 1016 1649 1159 1169 1263 1146 1744 1358 1897 1481 1819 1503 1257 1884 1353 1888 1333 1652 1779 1458 1569 1798 1686 1297 1563 1163 1319 1263 1102 1047 1462 1825 1471 1288 1297 1290 1349 1179 1244 BCNSPRNW ULIB Ver.6.0+V

เปลี่ยนเป็นภาษาไทย

Change to English
 แสดงรายละเอียดบรรณานุกรม
  กลับหน้าหลัก

Brief Record : Get Marc (ISO 2709) : E-mail record : QR code < ปิดหน้าต่าง
LEADER : 00000nam 2200000uu 4500
001    13399114360
003     ULIB
008    120326s||||||||th 000 0 tha d
020    ^a9780521208987
050  4 ^aPE1131^b562E
100 0  ^aAlex Tilbury, Theresa Clementson, Leslie Anne Hendra and David Rea
245 04 ^aEnglish unlimited :^nB1 Pre-intermendiate coursebook^cAlex Tilbury, Theresa Clementson, Leslie Anne Hendra and David Rea
260    ^aCambridge:^bCambridge press,^c2011
300    ^a160 p:^bill,^c29 cm
650  0 ^aEnglish^xUsage
700 0  ^aTheresa Clementson
700 0  ^aLeslie Anne Hendra
700 0  ^aDavid Rea
945    ^p359^l0^i031413
945    ^p359^l0^i031414
945    ^p359^l0^i031415
945    ^p359^l0^i031416
945    ^p359^l0^i031417
945    ^p359^l0^i031418
945    ^p359^l0^i031419
945    ^p359^l0^i031420
945    ^p359^l0^i031421
945    ^p359^l0^i031422
995    ^a Kesorn
999    ^aใช้งานได้ทุกระบบ
รายการนี้ยังไม่มีแท็ก
คุณยังไม่ได้ล็อกอิน คุณสามารถมีกิจกรรมร่วมกับเว็บไซต์ได้ แต่ต้องล็อกอินก่อน ::
  ล็อกอิน

รายการสื่อสารสนเทศ

ลำดับที่ ประเภท เลขเรียก/บาร์โค้ด สถานที่ สถานะ
- ไม่พบข้อมูล -

BibComment


ยังไม่เคยถูกคอมเมนท์

คอมเมนท์ทรัพยากรรายการนี้
  คอมเมนท์: English unlimite..


 Copyright 2026. Bcnsprnw @Library